| 000 | 00969nam a22003135b 4500 | ||
|---|---|---|---|
| 001 | 002905 | ||
| 003 | DO-SdBNP | ||
| 005 | 20240802104359.0 | ||
| 007 | 002905 | ||
| 008 | 930520s2014 sp | ||| ||spa | ||
| 017 |
_a _b |
||
| 020 | _a8449415063 | ||
| 035 | _a | ||
| 040 |
_aBPMSU _bspa _cBPMSU _e |
||
| 080 | 0 | _a | |
| 082 | 4 |
_a372.5 _b M294e 2014 _222 |
|
| 245 | 1 | 0 |
_aManualidades escolares para jugar y crear / _cdirección Carlos Gispert.; edición José A. Vidal. _b _h |
| 260 |
_aBarcelona : _bOcéano, _c2014 |
||
| 300 |
_a3 v. : _bils. ; _c27 cm _e |
||
| 590 | _aInventariado, 2024/VM | ||
| 650 | 4 |
_aTrabajos manuales (Educación) _xEnseñanza primaria |
|
| 650 | 4 | _aTrabajos manuales infantiles. | |
| 650 | 4 | _aActividades creativas y trabajo de clase. | |
| 700 | 1 |
_aGispert, Carlos, _edirección |
|
| 700 | 1 |
_aVidal, José A. _eed |
|
| 710 | 2 | _aEdiciones Océano | |
| 910 | _aVMateo V. Control de calidad. BPMSU | ||
| 942 |
_2ddc _cBK |
||
| 999 |
_c14746 _d14746 |
||